00605nam a22001817a 450000500170000001000150001702000270003203500140005903700130007308200100008610000180009624501310011425000260024526000500027127000600032130000250038170000170040620220810115540.0 aENG-134107 a97870198755968c650.00 aEN-117639 bDBAB/PUB a174.4 aCrane, Andrew aBusiness Ethics:bManaging Corporate Citizenship And Sustainability in the Age of Globalization/cAndrew Crane and Dirk Matten aInternational Edition aUnited KingdombOxford University Pressc2016 aGreat Clarendon Street, Oxford, OX2 6DPbUnited Kingdom avi, 569p.c25cm(pbk) aMatten, Dirk